[Event "Monastir Slama Memorial"]
[Site "Monastir"]
[Date "2024.09.05"]
[Round "5"]
[White "Bahria, Mohamed Helmi"]
[Black "Abdallah, Mohamed Khalil"]
[Result "0-1"]
[WhiteElo "2071"]
[BlackElo "1857"]
[PlyCount "102"]
[EventDate "2024.09.02"]
[EventType "swiss"]
[EventRounds "9"]
[EventCountry "TUN"]
[SourceTitle "EXT 2025"]
[Source "ChessBase"]
[SourceDate "2024.10.14"]
[SourceVersion "1"]
[SourceVersionDate "2024.10.14"]
[SourceQuality "1"]

1. e4 c5 2. Nf3 e6 3. d4 cxd4 4. Nxd4 Nc6 5. Nc3 Qc7 6. Be3 a6 7. Qd2 Nf6 8. 0-0-0 Be7 9. f3 h5 10. Kb1 b5 11. Nxc6 dxc6 12. Bf4 e5 13. Bg3 h4 14. Bf2 Be6 15. Qe3 Nd7 16. g4 Rc8 17. h3 f6 18. Be1 Nb6 19. Ne2 Nc4 20. Qf2 g5 21. Nc1 Kf7 22. Nb3 Rb8 23. Nc5 Rhd8 24. Bd3 Bc8 25. Nb3 Be6 26. Nc5 Bc8 27. Qg1 Kg7 28. Bf2 Bxc5 29. Bxc5 Be6 30. Qf2 Qa5 31. b3 Qc3 32. Bxc4 bxc4 33. Qe3 Qxe3 34. Bxe3 cxb3 35. axb3 Rxd1+ 36. Rxd1 Bxb3 37. Rd2 Bc4+ 38. Kc1 Ba2 39. Rd7+ Kg6 40. Bc5 Rb1+ 41. Kd2 Rh1 42. Be7 Be6 43. Ra7 Rxh3 44. Bf8 Bf7 45. Ke3 Rh2 46. c4 Rc2 47. c5 h3 48. Rb7 h2 49. Rb1 Bc4 50. f4 gxf4+ 51. Kf3 Be6 0-1

[Event "Monastir Slama Memorial"]
[Site "Monastir"]
[Date "2024.09.05"]
[Round "6"]
[White "Miladi, Amen"]
[Black "Bahria, Mohamed Helmi"]
[Result "1-0"]
[WhiteElo "1851"]
[BlackElo "2071"]
[PlyCount "107"]
[EventDate "2024.09.02"]
[EventType "swiss"]
[EventRounds "9"]
[EventCountry "TUN"]
[SourceTitle "EXT 2025"]
[Source "ChessBase"]
[SourceDate "2024.10.14"]
[SourceVersion "1"]
[SourceVersionDate "2024.10.14"]
[SourceQuality "1"]

1. e4 c5 2. Nf3 d6 3. d4 cxd4 4. Nxd4 Nf6 5. Nc3 a6 6. Bc4 e6 7. 0-0 b5 8. Bd3 Bb7 9. Qe2 Nc6 10. Nxc6 Bxc6 11. a4 b4 12. Na2 Qb6 13. Bd2 d5 14. e5 Ne4 15. a5 Qb7 16. Be3 Nc5 17. f4 Nxd3 18. cxd3 g6 19. Nc1 b3 20. Bb6 Be7 21. Nxb3 Bd8 22. Bxd8 Rxd8 23. Nc5 Qa7 24. Rfc1 Bb5 25. Qf2 0-0 26. d4 Rb8 27. Rc3 Qe7 28. Rac1 Rfc8 29. Qg3 Rc6 30. Qh3 Kg7 31. g4 h5 32. Rg3 Be2 33. gxh5 Rh8 34. f5 exf5 35. Qxf5 Rxh5 36. Qf2 Bb5 37. Rcc3 f5 38. Rg2 Rg5 39. Rcg3 Rxg3 40. Qxg3 Qf7 41. h4 f4 42. Qf3 Qf5 43. Qg4 Qf7 44. Rf2 g5 45. hxg5 Rg6 46. Rxf4 Qe8 47. Rf6 Be2 48. Ne6+ Kg8 49. Qxe2 Rxf6 50. exf6 Qg6 51. Qxa6 Qb1+ 52. Qf1 Qe4 53. f7+ Kh7 54. Nf8+ 1-0

[Event "Monastir Slama Memorial"]
[Site "Monastir"]
[Date "2024.09.03"]
[Round "3"]
[White "Bahria, Mohamed Helmi"]
[Black "Zenaidi, Mokhtar"]
[Result "1-0"]
[WhiteElo "2071"]
[BlackElo "1801"]
[PlyCount "81"]
[EventDate "2024.09.02"]
[EventType "swiss"]
[EventRounds "9"]
[EventCountry "TUN"]
[SourceTitle "EXT 2025"]
[Source "ChessBase"]
[SourceDate "2024.10.14"]
[SourceVersion "1"]
[SourceVersionDate "2024.10.14"]
[SourceQuality "1"]

1. e4 c5 2. Nf3 Nc6 3. d4 cxd4 4. Nxd4 e5 5. Nb5 d6 6. N1c3 a6 7. Na3 Be7 8. Nc4 b5 9. Ne3 Nf6 10. Ned5 0-0 11. Nxf6+ Bxf6 12. a4 b4 13. Nd5 Be6 14. Bc4 Bg5 15. 0-0 Bxc1 16. Rxc1 a5 17. Qd3 Rb8 18. Rfd1 Qg5 19. Ne3 Rbd8 20. c3 bxc3 21. bxc3 Ne7 22. Bxe6 fxe6 23. Nc4 Ng6 24. Qg3 Qe7 25. Rb1 Qc7 26. Na3 Qc5 27. c4 Nf4 28. Rd2 Qc6 29. Qe3 Qxa4 30. g3 Ng6 31. h4 Ne7 32. Rb7 Rd7 33. Rxd7 Qxd7 34. Qb6 Nc6 35. Nb5 Rb8 36. Qe3 Nd4 37. Nxd4 exd4 38. Qxd4 Rb4 39. e5 d5 40. Qc5 Rb8 41. cxd5 1-0

[Event "TUN-ch"]
[Site "Monastir"]
[Date "2024.04.23"]
[Round "4"]
[White "Bahria, Mohamed Helmi"]
[Black "Barbaria, Yacine"]
[Result "0-1"]
[WhiteElo "2058"]
[BlackElo "2192"]
[PlyCount "132"]
[EventDate "2024.04.20"]
[EventType "tourn"]
[EventRounds "9"]
[EventCountry "TUN"]
[SourceTitle "EXT 2025"]
[Source "ChessBase"]
[SourceDate "2024.10.14"]
[SourceVersion "1"]
[SourceVersionDate "2024.10.14"]
[SourceQuality "1"]

1. e4 e5 2. Nf3 Nc6 3. Bb5 Nf6 4. 0-0 Nxe4 5. Re1 Nd6 6. Nxe5 Nxe5 7. Rxe5+ Be7 8. Bf1 0-0 9. d4 Bf6 10. Re1 Nf5 11. c3 d5 12. Bf4 Nd6 13. Bd3 g6 14. Nd2 c6 15. Nf3 Be6 16. Qd2 Nc4 17. Qc2 Re8 18. Ne5 Bg7 19. h3 a5 20. a4 Rc8 21. b3 Nd6 22. Qd2 Ne4 23. Bxe4 dxe4 24. Nc4 Bxc4 25. bxc4 Qd7 26. c5 Qd5 27. Reb1 Re7 28. Qa2 Qf5 29. Bd6 Rd7 30. Rb6 e3 31. fxe3 Qd3 32. Qf2 Bh6 33. Qb2 Qxe3+ 34. Kh1 Re8 35. Rxb7 Rxb7 36. Qxb7 Qxc3 37. Rf1 Qc4 38. Rb1 Qd3 39. Be5 Bg7 40. Re1 Qc3 41. Rf1 Qc4 42. Rf3 Bxe5 43. dxe5 Qd5 44. Rf1 Kg7 45. Re1 Qxc5 46. e6 Re7 47. Qb2+ f6 48. Qe2 Qd5 49. Qe3 Qc4 50. Qb6 Qb4 51. Qe3 Qxa4 52. Rc1 Qb5 53. Rd1 Qe5 54. Qb6 Rxe6 55. Rd7+ Re7 56. Rd8 Qe1+ 57. Kh2 Qe5+ 58. Kh1 Qa1+ 59. Kh2 Qe5+ 60. Kh1 Qb5 61. Qf2 Qf5 62. Qd2 g5 63. Qc3 Qf1+ 64. Kh2 Qf4+ 65. Kh1 Qb4 66. Qg3 Qe1+ 0-1

[Event "TUN-ch"]
[Site "Monastir"]
[Date "2024.04.20"]
[Round "1"]
[White "Ben Ammar, Mohamed"]
[Black "Bahria, Mohamed Helmi"]
[Result "0-1"]
[WhiteElo "2142"]
[BlackElo "2058"]
[PlyCount "78"]
[EventDate "2024.04.20"]
[EventType "tourn"]
[EventRounds "9"]
[EventCountry "TUN"]
[SourceTitle "EXT 2025"]
[Source "ChessBase"]
[SourceDate "2024.10.14"]
[SourceVersion "1"]
[SourceVersionDate "2024.10.14"]
[SourceQuality "1"]

1. d4 Nf6 2. Nf3 e6 3. Bf4 c5 4. e3 Qb6 5. Qc1 Nc6 6. c3 Be7 7. Na3 0-0 8. Nc4 Qd8 9. Bd3 Nh5 10. dxc5 Nxf4 11. exf4 Bxc5 12. Ng5 f5 13. 0-0 d5 14. Ne5 Nxe5 15. fxe5 h6 16. Nf3 Bd7 17. b4 Bb6 18. a4 a6 19. Qd2 Rc8 20. Rfc1 Qe7 21. b5 axb5 22. axb5 Rc5 23. c4 dxc4 24. Bxc4 Bxb5 25. Rcb1 Bxc4 26. Rxb6 Bd5 27. Nd4 Qc7 28. Rd6 Rc8 29. h3 Qf7 30. Kh2 Qg6 31. f4 h5 32. Ra3 h4 33. Qf2 Qh5 34. Nxe6 Bxe6 35. Rxe6 Rc2 36. Qf3 Qxf3 37. Rxf3 Rb2 38. Rg6 Rc1 39. Rd3 Rbb1 0-1

[Event "TUN-ch sf"]
[Site "Monastir"]
[Date "2024.03.25"]
[Round "8"]
[White "Zouari, Mohanned"]
[Black "Bahria, Mohamed Helmi"]
[Result "0-1"]
[WhiteElo "1770"]
[BlackElo "2046"]
[PlyCount "106"]
[EventDate "2024.03.21"]
[EventType "swiss"]
[EventRounds "9"]
[EventCountry "TUN"]
[SourceTitle "CBM 219 Extra"]
[Source "ChessBase"]
[SourceDate "2024.05.31"]
[SourceVersion "1"]
[SourceVersionDate "2024.05.31"]
[SourceQuality "1"]

1. e4 c5 2. Nc3 d6 3. f4 g6 4. Nf3 Bg7 5. Bc4 Nc6 6. d3 Nf6 7. 0-0 0-0 8. Qe1 Bg4 9. Qh4 Bxf3 10. Rxf3 e6 11. f5 d5 12. Bb3 c4 13. Ba4 dxe4 14. dxe4 exf5 15. Bxc6 bxc6 16. exf5 Nd5 17. Qxd8 Raxd8 18. fxg6 hxg6 19. Bg5 Rb8 20. Bc1 Nb4 21. Bf4 Nxc2 22. Bxb8 Nxa1 23. Bd6 Nc2 24. h4 Rd8 25. Be7 Rb8 26. Na4 Nd4 27. Rf1 Nf5 28. Bc5 Bd4+ 29. Bxd4 Nxd4 30. Rf2 Nf5 31. h5 Rb4 32. hxg6 fxg6 33. Nc3 Kg7 34. Kf1 Ne3+ 35. Ke1 Nd5 36. Kd1 Rb8 37. Kc1 Nb4 38. Re2 Nd3+ 39. Kb1 Kh6 40. Ne4 Re8 41. g4 Kg7 42. Kc2 Nf2 43. Rxf2 Rxe4 44. Rg2 Kf6 45. Kc3 Kg5 46. a4 Rxg4 47. Rxg4+ Kxg4 48. Kxc4 Kf4 49. Kc5 g5 50. Kxc6 g4 51. a5 g3 52. Kb7 g2 53. Kxa7 g1Q+ 0-1

[Event "TUN-ch sf"]
[Site "Monastir"]
[Date "2024.03.24"]
[Round "6"]
[White "Ben Ghanem, Hamed"]
[Black "Bahria, Mohamed Helmi"]
[Result "1-0"]
[WhiteElo "2118"]
[BlackElo "2046"]
[PlyCount "47"]
[EventDate "2024.03.21"]
[EventType "swiss"]
[EventRounds "9"]
[EventCountry "TUN"]
[SourceTitle "CBM 219 Extra"]
[Source "ChessBase"]
[SourceDate "2024.05.31"]
[SourceVersion "1"]
[SourceVersionDate "2024.05.31"]
[SourceQuality "1"]

1. d4 Nf6 2. Nc3 d5 3. Bf4 e6 4. Nb5 Na6 5. e3 c6 6. Nc3 Bd6 7. Bxd6 Qxd6 8. Nf3 Ne4 9. Bd3 Nxc3 10. bxc3 Nb8 11. 0-0 Nd7 12. c4 b6 13. Re1 Bb7 14. a4 c5 15. cxd5 exd5 16. e4 dxe4 17. Bxe4 Bxe4 18. Rxe4+ Kf8 19. Qd2 Re8 20. Rxe8+ Kxe8 21. Qg5 Qf6 22. Qd5 Qf4 23. Re1+ Kd8 24. Ne5 1-0

[Event "TUN-ch"]
[Site "Sfax"]
[Date "2022.01.26"]
[Round "5"]
[White "Bahria, Mohamed Helmi"]
[Black "Jmila, Omar"]
[Result "0-1"]
[WhiteElo "2079"]
[BlackElo "2138"]
[PlyCount "89"]
[EventDate "2022.01.22"]
[EventType "tourn"]
[EventRounds "11"]
[EventCountry "TUN"]
[SourceTitle "CBM 206 Extra"]
[Source "ChessBase"]
[SourceDate "2022.03.31"]
[SourceVersion "1"]
[SourceVersionDate "2022.03.31"]
[SourceQuality "1"]

1. e4 e5 2. Nf3 Nc6 3. Bb5 Bc5 4. c3 Nge7 5. d4 exd4 6. cxd4 Bb4+ 7. Nc3 d5 8. e5 Bg4 9. h3 Bh5 10. g4 Bg6 11. Nh4 a6 12. Nxg6 hxg6 13. Be2 Nc8 14. Be3 Nb6 15. Qc2 Qd7 16. a3 Be7 17. b4 g5 18. Rd1 Nd8 19. Bd3 Ne6 20. h4 gxh4 21. f4 g5 22. f5 Nf4 23. Bxf4 gxf4 24. f6 Bf8 25. Bf5 Qc6 26. g5 Nc4 27. Nxd5 Qxd5 28. Be4 Nxa3 29. Bxd5 Nxc2+ 30. Kd2 Nxd4 31. Bxb7 Bxb4+ 32. Kd3 Rd8 33. Kc4 c5 34. Bxa6 h3 35. Bb7 Rh5 36. g6 fxg6 37. Be4 Rxe5 38. Bxg6+ Kd7 39. Rxh3 Ke6 40. f7 Re3 41. Rxe3+ fxe3 42. Bh5 Rf8 43. Rd3 e2 44. Re3+ Kd6 45. Bg4 0-1

[Event "TUN-ch"]
[Site "Sfax"]
[Date "2022.01.26"]
[Round "6"]
[White "Ben Ammar, Mohamed"]
[Black "Bahria, Mohamed Helmi"]
[Result "1-0"]
[WhiteElo "2148"]
[BlackElo "2079"]
[PlyCount "101"]
[EventDate "2022.01.22"]
[EventType "tourn"]
[EventRounds "11"]
[EventCountry "TUN"]
[SourceTitle "CBM 206 Extra"]
[Source "ChessBase"]
[SourceDate "2022.03.31"]
[SourceVersion "1"]
[SourceVersionDate "2022.03.31"]
[SourceQuality "1"]

1. d4 Nf6 2. c4 c5 3. d5 b5 4. cxb5 a6 5. b6 e6 6. Nc3 Bb7 7. e4 exd5 8. exd5 Bd6 9. Nf3 0-0 10. Be2 Qxb6 11. 0-0 Be7 12. Ne5 d6 13. Nc4 Qd8 14. Qb3 Ra7 15. Bf3 Ba8 16. Bf4 Rb7 17. Qc2 a5 18. a3 Ra7 19. Rad1 Na6 20. Rfe1 Ne8 21. Qa4 Nb8 22. Re2 g5 23. Bc1 f5 24. g3 Ng7 25. Rde1 Bf6 26. Nb5 Ra6 27. Bd2 Qd7 28. Bxa5 f4 29. g4 Bd8 30. b4 h5 31. h3 Ne8 32. Nc3 Qxa4 33. Nxa4 Nf6 34. Nc3 hxg4 35. hxg4 cxb4 36. Bxb4 Bc7 37. Re6 Nbd7 38. Nxd6 Bxd6 39. Bxd6 Rc8 40. Bb4 Rxe6 41. Rxe6 Re8 42. Rxe8+ Nxe8 43. Be7 Nef6 44. Bxf6 Nxf6 45. Ne4 Nh7 46. d6 Kf8 47. Nxg5 Bxf3 48. Nxh7+ Ke8 49. Nf6+ Kf7 50. d7 Ke7 51. g5 1-0

[Event "TUN-ch"]
[Site "Sfax"]
[Date "2022.01.24"]
[Round "3"]
[White "Bahria, Mohamed Helmi"]
[Black "Zaibi, Amir"]
[Result "0-1"]
[WhiteElo "2079"]
[BlackElo "2423"]
[PlyCount "70"]
[EventDate "2022.01.22"]
[EventType "tourn"]
[EventRounds "11"]
[EventCountry "TUN"]
[SourceTitle "CBM 206 Extra"]
[Source "ChessBase"]
[SourceDate "2022.03.31"]
[SourceVersion "1"]
[SourceVersionDate "2022.03.31"]
[SourceQuality "1"]

1. e4 c5 2. Nf3 e6 3. d4 cxd4 4. Nxd4 a6 5. Bd3 Bc5 6. Nb3 Be7 7. 0-0 Nc6 8. c4 d6 9. Nc3 Nf6 10. Be3 b6 11. f4 Bb7 12. Qf3 Nb4 13. Bb1 Qc7 14. a3 Nc6 15. Bd3 g5 16. Rac1 gxf4 17. Bxf4 Ne5 18. Bxe5 dxe5 19. c5 Rg8 20. c6 Bxc6 21. Nb5 Qd7 22. Rxc6 Qxc6 23. Rc1 Bc5+ 24. Nxc5 bxc5 25. Qxf6 axb5 26. Qxe5 c4 27. Be2 Rc8 28. Kh1 Qc5 29. Qc3 Qg5 30. Bf3 Rd8 31. e5 Qd2 32. Bc6+ Ke7 33. Qb4+ Qxb4 34. axb4 Rd2 35. Rb1 Rg5 0-1

[Event "TUN-chB"]
[Site "Hammamet"]
[Date "2016.10.20"]
[Round "9"]
[White "Azouz, Boubaker"]
[Black "Bahria, Mohamed Helmi"]
[Result "1-0"]
[WhiteElo "2071"]
[BlackElo "2109"]
[PlyCount "49"]
[EventDate "2016.10.15"]
[EventType "swiss"]
[EventRounds "9"]
[EventCountry "TUN"]
[SourceTitle "EXT 2018"]
[Source "ChessBase"]
[SourceDate "2017.10.13"]
[SourceVersion "1"]
[SourceVersionDate "2017.10.13"]
[SourceQuality "1"]

1. e4 c5 2. Nf3 d6 3. d4 cxd4 4. Nxd4 Nf6 5. Nc3 g6 6. Be3 Bg7 7. f3 0-0 8. Bc4 Nc6 9. Qd2 Bd7 10. 0-0-0 Ne5 11. Bb3 Qa5 12. Bh6 Rfc8 13. Bxg7 Kxg7 14. g4 b5 15. h4 Nc4 16. Bxc4 bxc4 17. h5 gxh5 18. g5 Ng8 19. Rxh5 Rab8 20. Rdh1 Qb4 21. Rxh7+ Kf8 22. Qf4 Qxb2+ 23. Kd2 f6 24. gxf6 e5 25. Qg5 1-0

[Event "TUN-chB"]
[Site "Hammamet"]
[Date "2016.10.17"]
[Round "4"]
[White "Bahria, Mohamed Helmi"]
[Black "Meftahi, Houssem"]
[Result "0-1"]
[WhiteElo "2109"]
[BlackElo "2120"]
[PlyCount "80"]
[EventDate "2016.10.15"]
[EventType "swiss"]
[EventRounds "9"]
[EventCountry "TUN"]
[SourceTitle "EXT 2018"]
[Source "ChessBase"]
[SourceDate "2017.10.13"]
[SourceVersion "1"]
[SourceVersionDate "2017.10.13"]
[SourceQuality "1"]

1. d4 b6 2. e4 Bb7 3. Nc3 e6 4. Nf3 Bb4 5. Bd3 Nf6 6. Qe2 d5 7. e5 Ne4 8. Bd2 Nxd2 9. Qxd2 Nd7 10. a3 Be7 11. Ne2 c5 12. c3 a5 13. h4 Ba6 14. Nf4 Bxd3 15. Qxd3 c4 16. Qe3 b5 17. Nh5 Bf8 18. Qf4 Qe7 19. Qg4 g6 20. Nf4 h5 21. Qg3 Bh6 22. Ng5 Bxg5 23. hxg5 Nb6 24. Ne2 Kf8 25. Qe3 Kg7 26. f4 b4 27. f5 exf5 28. Nf4 Rhe8 29. e6 Qd6 30. Kd2 fxe6 31. Nxg6 Kxg6 32. Rxh5 Rh8 33. Rh6+ Rxh6 34. gxh6 bxc3+ 35. bxc3 Nd7 36. h7 Rh8 37. Re1 Rxh7 38. Qg1 Nf6 39. a4 Ne4+ 40. Kc2 Qa3 0-1

[Event "Arab Cities-chT"]
[Site "Monastir"]
[Date "2015.11.09"]
[Round "3"]
[White "Chahrani, Ibrahim"]
[Black "Bahria, Mohamed Helmi"]
[Result "0-1"]
[WhiteElo "2223"]
[BlackElo "2039"]
[PlyCount "114"]
[EventDate "2015.11.07"]
[EventType "team-tourn"]
[EventRounds "7"]
[EventCountry "TUN"]
[SourceTitle "CBM 170 Extra"]
[Source "ChessBase"]
[SourceDate "2016.02.25"]
[SourceVersion "1"]
[SourceVersionDate "2016.02.25"]
[SourceQuality "1"]
[WhiteTeam "Tripoli"]
[BlackTeam "Menzel Temime"]
[WhiteTeamCountry "LBY"]
[BlackTeamCountry "TUN"]

1. d4 Nf6 2. c4 g6 3. Nc3 Bg7 4. e4 d6 5. f3 0-0 6. Be3 c5 7. dxc5 dxc5 8. Qxd8 Rxd8 9. Bxc5 Nc6 10. Nd5 Nxd5 11. cxd5 Bxb2 12. Rb1 Bc3+ 13. Kf2 b6 14. Ba3 Bd4+ 15. Kg3 Na5 16. Bxe7 Re8 17. Ba3 Bd7 18. Bd3 f5 19. Ne2 Be5+ 20. Kf2 fxe4 21. fxe4 Nb7 22. Ke3 Nd6 23. Bxd6 Bxd6 24. Bb5 Bxb5 25. Rxb5 Re7 26. Nf4 Rc8 27. Ne6 Rf7 28. Rbb1 Rc3+ 29. Kd4 Ra3 30. Rhf1 Ra4+ 31. Kd3 Ra3+ 32. Kc4 Rxa2 33. Rxf7 Kxf7 34. Rf1+ Ke8 35. Nd4 Ra4+ 36. Kd3 Ra3+ 37. Ke2 Bc5 38. Nc2 Ra2 39. Kd3 b5 40. Rb1 a6 41. e5 Ra4 42. Ra1 Rxa1 43. Nxa1 a5 44. Nb3 Bb6 45. Nc1 Bg1 46. h3 Bh2 47. Ke4 a4 48. Na2 Bg1 49. Nc3 a3 50. d6 b4 51. Nd5 a2 52. e6 a1Q 53. Nc7+ Kf8 54. e7+ Kg7 55. e8Q Qd4+ 56. Kf3 Qf2+ 57. Kg4 h5+ 0-1

[Event "Hammamet Carthage op 1st"]
[Site "Hammamet"]
[Date "2015.10.08"]
[Round "6"]
[White "Bahria, Mohamed Helmi"]
[Black "Meddeb, Anis"]
[Result "0-1"]
[WhiteElo "2079"]
[BlackElo "2188"]
[PlyCount "74"]
[EventDate "2015.10.04"]
[EventType "swiss"]
[EventRounds "9"]
[EventCountry "TUN"]
[SourceTitle "CBM 168 Extra"]
[Source "ChessBase"]
[SourceDate "2015.10.29"]
[SourceVersion "1"]
[SourceVersionDate "2015.10.29"]
[SourceQuality "1"]

1. Nf3 Nf6 2. g3 g6 3. Bg2 Bg7 4. 0-0 0-0 5. d3 d6 6. e4 e5 7. Nbd2 Nc6 8. a4 Be6 9. Ng5 Bg4 10. f3 Bd7 11. Nh3 Nh5 12. c3 Qc8 13. g4 Nf6 14. Nf2 Be6 15. b4 h5 16. h3 a6 17. Ba3 Bh6 18. b5 axb5 19. axb5 Na5 20. Bb4 b6 21. Bxa5 bxa5 22. Nb3 a4 23. Nc1 Be3 24. Rxa4 Rxa4 25. Qxa4 Kg7 26. Re1 Bd2 27. Rd1 Be3 28. Kf1 hxg4 29. fxg4 Qd8 30. Qc2 Nd7 31. Qe2 Qg5 32. Na2 Rh8 33. c4 Nc5 34. Qf3 Ra8 35. Nb4 Ra4 36. Rb1 Bxf2 37. Kxf2 Rxb4 0-1

[Event "Hammamet Carthage op 1st"]
[Site "Hammamet"]
[Date "2015.10.07"]
[Round "5"]
[White "Bouaziz, Slim"]
[Black "Bahria, Mohamed Helmi"]
[Result "1/2-1/2"]
[WhiteElo "2301"]
[BlackElo "2079"]
[PlyCount "38"]
[EventDate "2015.10.04"]
[EventType "swiss"]
[EventRounds "9"]
[EventCountry "TUN"]
[SourceTitle "CBM 168 Extra"]
[Source "ChessBase"]
[SourceDate "2015.10.29"]
[SourceVersion "1"]
[SourceVersionDate "2015.10.29"]
[SourceQuality "1"]

1. e4 c5 2. c3 d6 3. d4 Nf6 4. dxc5 Nc6 5. Qc2 dxc5 6. Nf3 a6 7. Bf4 Nh5 8. Be3 e5 9. Bc4 Be7 10. 0-0 0-0 11. Bd5 Qc7 12. Nbd2 Kh8 13. Nc4 f6 14. a4 Bg4 15. Nfd2 b5 16. axb5 axb5 17. Rxa8 Rxa8 18. Na3 Rb8 19. f3 Bd7 1/2-1/2